North, Central, And South American Capitals By First Two Letters - Statistics

General Stats
  • This quiz has been taken 115 times
  • The average score is 25 of 35
Answer Stats
Hint Answer % Correct
Brazil Brasília
89%
Barbados Bridgetown
89%
Colombia Bogotá
84%
Peru Lima
82%
Venezuela Caracas
81%
St. Lucia Castries
81%
Cuba Havana
79%
Mexico Mexico City
79%
Jamaica Kingston
77%
St. Vincent & the Grenadines Kingstown
77%
Paraguay Asunción
76%
Argentina Buenos Aires
76%
Bolivia La Paz or Sucre
74%
Panama Panama City
74%
Suriname Paramaribo
74%
Grenada Saint George's
74%
Antigua & Barbuda Saint John's
74%
Costa Rica San Jose
74%
El Salvador San Salvador
74%
Chile Santiago
74%
Dominican Republic Santo Domingo
74%
Guatemala Guatemala City
73%
Canada Ottawa
73%
Nicaragua Managua
69%
Uruguay Montevideo
69%
United States Washington D.C.
69%
Bahamas Nassau
68%
Belize Belmopan
60%
Guyana Georgetown
56%
Haiti Port-au-Prince
56%
Trinidad & Tobago Port-of-Spain
56%
Ecuador Quito
55%
St. Kitts & Nevis Basseterre
52%
Honduras Tegucigalpa
37%
Dominica Roseau
34%
No matching quizzes found
Score Distribution
Percent of People with Each Score
Percentile by Number Answered
Your Score History
You have not taken this quiz